Countries with Tricolour Flags - Sudden Death - Statistics

General Stats
  • This quiz has been taken 51 times
  • The average score is 10 of 19
Answers on the Grid
Answers color-coded by a green-red scale on the quiz's grid according to % correct below.
Belgium
Switzerland
Ireland
Italy
Poland
France
Russia
Bolivia
Haiti
Ivory Coast
Ukraine
Armenia
Latvia
Romania
Vatican City
Guatemala
Cambodia
Peru
Estonia
Netherlands
Myanmar
Yemen
Tonga
Cuba
San Marino
Equatorial Guinea
Palau
Chad
Mali
Nigeria
Gabon
Vietnam
Mongolia
Malta
Luxembourg
Guinea
Madagascar
Bulgaria
Honduras
Sierra Leone
 
Answer Stats
Answer % Correct
Belgium
92%
Ireland
92%
Italy
92%
Russia
89%
France
86%
Ivory Coast
59%
Netherlands
59%
Romania
59%
Armenia
54%
Bolivia
51%
Estonia
49%
Luxembourg
46%
Chad
35%
Bulgaria
32%
Yemen
30%
Guinea
27%
Mali
24%
Gabon
22%
Sierra Leone
22%
No matching quizzes found
Score Distribution
Percent of People with Each Score
Percentile by Number Answered
Your Score History
You have not taken this quiz